01348nam a2200241Ia 4500001000600000003000900006008004100015040001300056040001300069041001300082100001900095100002900114245002500143245002500168250001100193260000900204260001200213260004900225300005700274500070800331650003601039650003101075H4452IT-RoPAU130308s9999 xx 000 0 und d aIT-RoPAU cIT-RoPAU aITALIANO aSperoni Franco gCodice Aut. SPICS: 42097 aRovina in scena (La) bRovina in scena (La) a1a ed. aROMA bMeltemi c2002 [1° Ed.:2002 - Ed.Ling.Originale:2002] a"216 p. (prefazione: no ; testo: 216 [pagine: 0-0])" aPer un'estetica della Comunicazione. Cap.1: la Rovina. L'Originaria Universale Inimicizia delle Parti. Cap.2: Citazione, Rovina e Convergenza. Cap.3:Frammento e Rovina. Cap.4: panorami con Rovina. Cap.5: Narrazione e Rovina. Cap.6: Mostrare la Rovina. Cap.7: Disgiunzione di Campus. Bibliografia.L'Estetica del Conflitto, su Cui l'autore si Muove, Fa di Questo Saggio Unoriginale Elogio della Rovina Come Interpretazione e rappresentazione del Presente.Questo Originale Percorso Attraversa Il Moderno fino Ai giorni Nostri, in una Trama che si Snoda tra grand tour, Avanguardie Storiche, Trash,Grande Fratello, Esposizioni, musei e Arte Interattiva. Mentre, Sullo Sfondo, la metropoli Diviene Cosmopoli. aTEORIA/LINGUAGGI DI ESTETOLOGIA eCodice materia Spics: 5103